Antología de obras cortas dramáticas del barroco / (Registro nro. 68318)

Detalles MARC
000 -LEADER
campo de control de longitud fija 00763nam a2200241 i 4500
001 - NÚMERO DE CONTROL
campo de control 68318
003 - IDENTIFICADOR DE NÚMERO DE CONTROL
campo de control ES-MaACL
005 - FECHA Y HORA DE LA ÚLTIMA TRANSACCIÓN
campo de control 20230906170245.0
007 - CAMPO FIJO DE DESCRIPCIÓN FÍSICA--INFORMACIÓN GENERAL
campo de control de longitud fija t|
008 - DATOS DE LONGITUD FIJA--INFORMACIÓN GENERAL
campo de control de longitud fija 040617s2004 sp ||||1| spa d
020 ## - NÚMERO INTERNACIONAL ESTÁNDAR DEL LIBRO
Número Internacional Estándar del Libro 84-9795-033-X
080 ## - NÚMERO DE LA CLASIFICACIÓN DECIMAL UNIVERSAL
Número de la Clasificación Decimal Universal 821.134.2-2"16"(082.2)
245 00 - MENCIÓN DEL TÍTULO
Título Antología de obras cortas dramáticas del barroco /
Mención de responsabilidad, etc. selección, edición, introducción y notas de Javier Vellón.
250 ## - MENCION DE EDICION
Mención de edición 1ª ed.
260 ## - PUBLICACIÓN, DISTRIBUCIÓN, ETC.
Lugar de publicación, distribución, etc. Valencia :
Nombre del editor, distribuidor, etc. Brosquil,
Fecha de publicación, distribución, etc. 2004.
300 ## - DESCRIPCIÓN FÍSICA
Extensión 143 p. ;
Dimensiones 19 cm.
490 1# - MENCIÓN DE SERIE
Mención de serie Col-lección Mojiganga ;
Designación de volumen o secuencia 1
650 #4 - PUNTO DE ACCESO ADICIONAL DE MATERIA--TÉRMINO DE MATERIA
Término de materia o nombre geográfico como elemento de entrada Teatro español-
Subdivisión cronológica S.XVII.
9 (RLIN) 17354
700 1# - ENTRADA AGREGADA--NOMBRE PERSONAL
Nombre de persona Vellón, Javier.
9 (RLIN) 113855
830 0# - PUNTO DE ACCESO ADICIONAL DE SERIE-TÍTULO UNIFORME
Título uniforme Col-lección Mojiganga ;
Designación de volumen o secuencia 1
9 (RLIN) 230937
852 ## - LOCALIZACIÓN
Ubicación ES-MaACL
Número de control de estantería L-27948
Sublocalización o colección R.133811
Existencias
Estatus retirado Estado de pérdida Estado de daño No para préstamo Biblioteca de origen Biblioteca actual Ubicación en estantería Fecha de adquisición Fuente de adquisición Total de préstamos Signatura topográfica completa Código de barras Visto por última vez Precio de reemplazo Tipo de ítem Koha
        Biblioteca del Ateneo de Madrid Biblioteca del Ateneo de Madrid Depósito 2 17/01/2008     L-27948 1071517 23/02/2023 23/02/2023 Libro impreso